000 00890nam a2200217 i 4500
001 140839
003 ES-MaACL
005 20250702063104.0
007 t|
008 070917m19091911fr ||||1| fre d
100 1 _aWilde, Oscar,
_d1854-1900
_9241147
245 1 0 _aThéâtre /
_cOscar Wilde.
260 _aParis :
_bP. V. Sock,
_c1909-1911.
300 _a3 v. ;
_c18 cm.
490 1 _aBibliothèque cosmopolite
505 8 _aContiene: V. 1. Les drames / avec une étude sur Oscar Wilde par Albert Savine -- v. 2. Comédies I : L'eventail de Lady Windermere. Une femme sans importance / traduction et étude d'Albert Savine -- v. 3. Les comédies II: Un mari ideal. De l'importance du sérieux / traduction d'Albert Savine
700 1 _aSavine, Albert.
_9104073
830 0 _aBibliothèque cosmopolite
_9181494
852 _aES-MaACL
_jF-11060-2
999 _c140839
_d140839